Reconceptualising education support services in South Africa (Record no. 28338)
[ view plain ]
| 000 -LEADER | |
|---|---|
| fixed length control field | 00798nam a2200133Ia 4500 |
| 008 - FIXED-LENGTH DATA ELEMENTS--GENERAL INFORMATION | |
| fixed length control field | 220620s9999||||xx |||||||||||||| ||und|| |
| 100 ## - MAIN ENTRY--PERSONAL NAME | |
| Personal name | Hay, Johnnie||Joubert, Carmen||Makhalemele, Thabo||Payne-van Staden, Isabel||Masunungure, Appolonia||Malindi, Macalane J.||Koen, Mariëtte P.||Engelbrecht, Petra||Neethling, Marinda||Botha, Daleen||van der Merwe, Wanda |
| 245 #0 - TITLE STATEMENT | |
| Title | Reconceptualising education support services in South Africa |
| 546 ## - LANGUAGE NOTE | |
| Language note | English[eng] |
| 650 ## - SUBJECT ADDED ENTRY--TOPICAL TERM | |
| Topical term or geographic name entry element | Education support services||ESS||multidisciplinary teams||inclusive education||school-based support teams||district-based support teams||learner support |
| 700 ## - ADDED ENTRY--PERSONAL NAME | |
| Personal name | Hay, Johnnie||Malindi, Macalane||Makhalemele, Thabo |
| 856 ## - ELECTRONIC LOCATION AND ACCESS | |
| Uniform Resource Identifier | <a href="https://library.oapen.org/bitstream/20.500.12657/53911/1/9781776342051.pdf">https://library.oapen.org/bitstream/20.500.12657/53911/1/9781776342051.pdf</a> |
| 942 ## - ADDED ENTRY ELEMENTS (KOHA) | |
| Koha item type | E-Books |
| Withdrawn status | Lost status | Damaged status | Not for loan | Home library | Current library | Date acquired | Total Checkouts | Date last seen | Price effective from | Koha item type |
|---|---|---|---|---|---|---|---|---|---|---|
| Kerala University of Digital Sciences, Innovation and Technology Knowledge Centre | Kerala University of Digital Sciences, Innovation and Technology Knowledge Centre | 20/06/2022 | 20/06/2022 | 20/06/2022 | E-Books |